000 00283nam a2200109Ia 4500
008 220204s9999 xx 000 0 und d
082 _a330.35
_bROS
100 _aROSTOW, W W
245 0 _aEconomics of take off into sustained growth
260 _aLondon
_bMacmillan
_c1963
942 _cBK
999 _c19971
_d19971